Представление документа в формате RUSMARC

ПолеНазваниеЗначение
  Тип записи c
  Библиографический уровень m
001 Контрольный номер UONB/NOTY/eaf60c86fe2e48718f13d9cf0bb36fa0
005 Дата корректировки 20250520121933.1
010 Индекс ISBN __
a ISBN 978-5-8114-5395-5
a ISBN 978-5-4495-0629-0
9 Тираж 80 экз.
013 Номер (ISMN) __
a Номер (ISMN) 979-0-66005-586-1
d Цена 558 р. 80 к.
100 Данные общей обработки __
a Данные общей обработки 20220925d2020 u y0rusy0103 ca
101 Язык документа 0_
a Язык текста rus
f Язык титульного листа rus
102 Страна публикации __
a Страна публикации ru
125 Кодированные данные звукозаписи и нотных изданий __
a Форма изложения нотного текста с
128 Кодированные данные (звукозаписи-физические характеристики) __
c Инструменты или голоса, рекомендуемые для солистов (устаревшее) vu
a Кодированные данные: Музыкальная форма и тональность или лад sg
200 Заглавие и сведения об ответственности 1_
a Заглавие Спойте, цыгане, мне песню милую
f Первые сведения об ответственности С. С. Киселев
e Сведения, относящиеся к заглавию цыганские таборные песни в концерт. обраб. для голоса и фп.
203 Вид содержания и тип средства __
a Вид содержания Музыка
b Характеристика содержания знаковая
c Тип средства непосредственная
210 Выходные данные 1_
a Место издания СПб.
a Место издания Москва
a Место издания Краснодар
c Издательство Лань
c Издательство Планета музыки
d Дата издания 2020
215 Физическое описание __
a Объем 84 с.
d Формат 29 см
327 Примечание о содержании 11
a Примечание о содержании Содерж. : Спойте, цыгане. - Мои цыганочки. - Бирюзовые колечки. - Ехали цыгане. - Я в степях Молдавии родился. - Все мы были молоды. - Окончен путь.
464 Аналитический уровень _0
1 2001
a Спойте, цыгане
1 036
t Спойте, цыгане, мне песню милую...
464 Аналитический уровень _0
1 2001
a Мои цыганочки
1 036
t К чему напрасно изводиться...
464 Аналитический уровень _0
1 2001
a Бирюзовые колечки
1 036
t Бирюзовые, эх златы колечики...
464 Аналитический уровень _0
1 2001
a Ехали цыгане
1 036
t Ехали цыгане с ярмарки домой...
464 Аналитический уровень _0
1 2001
a Я в степях Молдавии родился
464 Аналитический уровень _0
1 2001
a Все мы были молоды
464 Аналитический уровень _0
1 2001
a Окончен путь
1 036
t Окончен путь, устала грудь...
512 Заглавие обложки 1_
a Заглавие обложки Спойте, цыгане, мне песню милую
606 Тематические рубрики 0_
y Географическая подрубрика Россия
a Основная рубрика Сольное пение
x Основная подрубрика Цыганские романсы и песни
610 Ключевые слова 0_
a Ключевые слова сольное пение; цыганские романсы и песни
686 Индексы других классификаций __
a Классификационный индекс 85.943.4-42-092
a Классификационный индекс 85.92(29-Цыг)-4
2 Код системы rubbk
700 Автор _1
a Фамилия Киселев
b Имя (инициалы) С. С.
g Полное личное имя Станислав Семенович
f Даты 1945-
801 Источник записи _0
a Страна RU
b Организация Ульяновская ОНБ
c Дата составления 20220925
g Правила каталогизации PSBO
801 Источник записи _1
a Страна RU
b Организация Ульяновская ОНБ
c Дата составления 20220925
901 Тип документа __
t Тип документа m
909 Создатель записи __
a Создатель записи Никитина Т. А.